BIBLIOTECA

SENCICO

Diseño y construcción de alcantarillados : (Registro nro. 1299)

Detalles MARC
000 -LEADER
fixed length control field 01196nam a2200253Ia 4500
003 - CONTROL NUMBER IDENTIFIER
control field PE SENCICO BE
005 - DATE AND TIME OF LATEST TRANSACTION
control field 20260219150134.0
008 - FIXED-LENGTH DATA ELEMENTS--GENERAL INFORMATION
fixed length control field 200515s9999 xx 000 0 und d
020 ## - INTERNATIONAL STANDARD BOOK NUMBER
International Standard Book Number 978-612-304-264-6
040 ## - CATALOGING SOURCE
Original cataloging agency PE SENCICO BE
Transcribing agency PE SENCICO BE
041 ## - LANGUAGE CODE
Language code of text/sound track or separate title spa
082 ## - DEWEY DECIMAL CLASSIFICATION NUMBER
Classification number 628.24
Item number P45
100 1# - MAIN ENTRY--PERSONAL NAME
Personal name Pérez Camona, Rafael
9 (RLIN) 114
Relator term autor
245 10 - TITLE STATEMENT
Title Diseño y construcción de alcantarillados :
Remainder of title sanitario, pluvial y drenaje en carreteras /
Statement of responsibility, etc. Rafael Pérez Carmona
250 ## - EDITION STATEMENT
Edition statement 1a ed.
260 ## - PUBLICATION, DISTRIBUTION, ETC.
Place of publication, distribution, etc. Lima :
Name of publisher, distributor, etc. Macro ;
Date of publication, distribution, etc. 2015
300 ## - PHYSICAL DESCRIPTION
Extent 602 páginas :
Other physical details ilustraciones, tablas, gráficos ;
Dimensions 25 cm.
504 ## - BIBLIOGRAPHY, ETC. NOTE
Bibliography, etc. note Bibliografía: p. [605]
505 0# - FORMATTED CONTENTS NOTE
Formatted contents note Alcantarillado sanitario -- Alcantarillado de aguas lluvias -- Estaciones de bombeo de aguas residuales y lluvias -- Bombas de tornillo -- Sistema de drenajes para carreteras -- Asentamientos de bajos ingresos -- Sistemas sépticos
520 3# - SUMMARY, ETC.
Summary, etc. El texto describe aspectos relacionados con la disposición adecuada de aguas residuales y el manejo de aguas lluvias, tato en la zona urbana, como el drenaje en las carreteras.
650 10 - SUBJECT ADDED ENTRY--TOPICAL TERM
Topical term or geographic name entry element Diseño de alcantarillado
9 (RLIN) 322
650 20 - SUBJECT ADDED ENTRY--TOPICAL TERM
Topical term or geographic name entry element Carreteras
9 (RLIN) 323
942 ## - ADDED ENTRY ELEMENTS (KOHA)
Koha item type Libros
Source of classification or shelving scheme Dewey Decimal Classification
Existencias
Fecha de la última vez que lo usaron Número de ingreso o de inventario Pago total Signatura topográfica completa Código de barras Precio efectivo desde Tipo de documento Estado perdido Sistema de clasificación Estado dañado No es para préstamo Retirado Ubicación permanente Ubicación actual Fecha de adquisición
26/11/2025     628.24/P45 BibZareq25112589 26/11/2025 Libros   Dewey Decimal Classification       Biblioteca Arequipa Biblioteca Arequipa 26/11/2025
15/05/2020 16271   628.24/P45 BibLima25112588 15/05/2020 Libros   Dewey Decimal Classification       Biblioteca Central Lima Biblioteca Central Lima 15/05/2020